000 02181nam a2200325Ia 4500
001 H2838
003 IT-RoPAU
008 130308s9999 xx 000 0 und d
040 _aIT-RoPAU
040 _cIT-RoPAU
041 _aITALIANO
100 _aFornero Giovanni
100 _gCodice Aut. SPICS: 57137
245 _aFilosofie del Novecento (Le)
245 _bFilosofie del Novecento (Le)
250 _a1a ed.
260 _aMILANO
260 _bMondadori Bruno
260 _c2002 [1° Ed.:2002 - Ed.Ling.Originale:2002]
300 _a"1608 p. (prefazione: 18; testo: 1590 [pagine: 0-0])"
500 _aAmpia ricostruzione Storica del pensiero Occidentale del Novecento, con Scientificità e chiarezza di Forma Espositiva. Dall'Indice: Dall'Ottocento al Novecento: Nietsche e Crisi delle Certezze. Matematica, Logica e Fisica: Crisi dei Fondamenti. Rivoluzione Psicoanalitica. Neocriticismo e Storicismo. Cassirer: Filosofia delle forme Simboliche. Weber: Sociologia e Filosofia della Modernità. Spiritualismo. Bergsonismo. storicismo di croce . Gentile: Filosofia dell'Atto. pragmatismo Americano ed Europeo. Dewey: pragmatismo e Neoilluminismo. Russell: Scettico Appassionato. Marxismo Dopo Marx. Gramsci: marxista Creativo. Scuola di Francoforte, Benjamin e Freudomarxismo. Husserl e Movimento Fenomenologico. Esistenzialismo. Heidegger. Jaspers. Sartre. Wittgenstein. Neopositivismo. Filosofia Analitica. Neoscolastica, Maritain e Filosofie Neoclassiche. pensiero Tragico. Popper: Epistemologia e Filosofia Politica. Strutturalismo. Derrida e Il Decostruzionismo. Postmoderno e Sue Filosofie. Habermas e Apel. Femminismo e Filosofia. Putnam: Logica, Filosofia del Linguaggio e Riflessione Etica. Jonas: Filosofia ed Ecologia. Filosofia della Scienza. Filosofia Analitica. Filosofia della Mente. Intelligenza Artificiale e Filosofia. Sviluppi della Riflessione Politica. Etica e Bioetica... indice dei Nomi.
650 _aLOGICA FILOSOFICA
650 _eCodice materia Spics: 3151
700 _aTassinari SalvatoreAA.VV.
700 _gCodice Aut. SPICS: 57138Codice Aut. SPICS: 12000
942 _cBK
957 _71
999 _c65459
_d65459
999 _bSI
999 _g1